Total Quality Management in Education: (Record no. 178479)

MARC details
000 -LEADER
fixed length control field 00679nam a22001937a 4500
005 - DATE AND TIME OF LATEST TRANSACTION
control field 20220113130816.0
010 ## - LCCN (DPL NO)
LC control number ENG-129363
020 ## - INTERNATIONAL STANDARD BOOK NUMBER
International Standard Book Number 978-93-5388-281-5
Terms of availability 1095.00
035 ## - SYSTEM CONTROL NUMBER
System control number EN-112895
037 ## - SOURCE OF ACQUISITION
Source of stock number/acquisition DBAD/PUB
082 ## - DEWEY DECIMAL CLASSIFICATION NUMBER
Classification number 371.2
Edition number 3rd
100 ## - MAIN ENTRY--PERSONAL NAME
Personal name Mukhopadhyay, Marmar
245 ## - TITLE STATEMENT
Title Total Quality Management in Education:
Statement of responsibility, etc Marmar Mukhopadhyay
250 ## - EDITION STATEMENT
Edition statement 3rd
260 ## - PUBLICATION, DISTRIBUTION, ETC. (IMPRINT)
Place of publication, distribution, etc New Delhi
Name of publisher, distributor, etc Sage Publication India
Date of publication, distribution, etc 2020
270 ## - ADDRESS
Address B1/1-1 Mohan Cooperative Industrial Area Mathura Road
City New Delhi
Postal code 110044
300 ## - PHYSICAL DESCRIPTION
Extent xxii+266p.
Dimensions 24cm(pbk)
Other physical details Including illustrations, tables, bibliographical references and index.
942 ## - ADDED ENTRY ELEMENTS (KOHA)
Source of classification or shelving scheme Dewey Decimal Classification
Item type English Books
Classification part 371.2
Call number suffix MUK
Holdings
Withdrawn status Lost status Not for loan Collection code Home library Current library Date acquired Source of acquisition Cost, normal purchase price Full call number Barcode Copy number Cost, replacement price Koha item type
      Non-fiction Mobile Library Mobile Library 31/03/2021 DBAD/PUB 1095.00 371.2 MUK EN-112895 1 1095.00 English Books

© Delhi Public Library
Hit Counter
free hit counter